Philippine coral reefs : a natural history guide /

Bibliographic Details
Main Author: White, Alan T.
Format: Book
Language:English
Published: Quezon City, Philippines : New Day Publishers ; 1987.
Subjects:

MARC

Tag First Indicator Second Indicator Subfields
LEADER 00000cam a2200000 a 4500
001 in00000015392
005 20151007053042.0
008 871102s1987 ph ab b 00110 eng d
020 |a 9711003384 (pbk.) 
035 |a (OCoLC)16929192 
035 |9 AAB0210AM 
040 |a IBT  |c IBT  |d YAM  |d TXA  |d UtOrBLW 
043 |a a-ph--- 
049 |a TXAM  |c [A12610127] 
050 4 |a QH187  |b .W5 1987b 
100 1 |a White, Alan T. 
245 1 0 |a Philippine coral reefs :  |b a natural history guide /  |c Alan T. White ; introduction by James Berdach. 
264 1 |a Quezon City, Philippines :  |b New Day Publishers ;  |c 1987. 
264 2 |a Detroit, Mich. :  |b Exclusive distributors the Cellar Book shop, 
300 |a xv, 223 pages :  |b illustrations (some color), 1 map ;  |c 23 cm. 
336 |a text  |b txt  |2 rdacontent 
337 |a unmediated  |b n  |2 rdamedia 
338 |a volume  |b nc  |2 rdacarrier 
500 |a Distributor from label mounted on title page. 
504 |a Bibliography: pages 208-210. 
500 |a Includes index. 
650 0 |a Coral reef biology  |z Philippines. 
650 0 |a Coral reefs and islands  |z Philippines. 
999 |a MARS 
999 f f |s 5327b405-cae3-3956-bfad-045915f9c3a4  |i 887483df-9a1f-3be2-abb7-6a7ee1248a1d  |t 0 
952 f f |p ric  |a Texas A&M University  |b Rellis Campus  |c Joint Library Facility  |d Remote Storage  |t 0  |e QH187 .W5 1987b  |h Library of Congress classification  |i unmediated -- volume  |m A14812610127 
998 f f |a QH187 .W5 1987b  |t 0  |l Remote Storage